000
00270nam a2200121Ia 4500
008
190216s9999||||xx |||||||||||||| ||und||
100
_a
Naftaly Menn
245
0
_a
Practical Optics
260
_b
Elsevier Science Pub
300
_a
321
650
_a
Physics
942
_c
BK
999
_c
34221
_d
34221